| 000 -ლიდერი |
| ფიქსირებული სიგრძის საკონტროლო ველი |
01962nam a22002537a 4500 |
| 003 - საკონტროლო ნომრის იდენტიფიკატორი |
| საკონტროლო ველი |
Ge_BSU |
| 005 - ბოლო ოპერაციის თარიღი და დრო |
| საკონტროლო ველი |
20230615101655.0 |
| 008 - ფიქსირებული სიგრძის მონაცემთა ელემენტები - ზოგადი ინფორმაცია |
| ფიქსირებული სიგრძის საკონტროლო ველი |
230615s1998 ge ||||| |||| 00| 0 geo d |
| 020 ## - წიგნის საერთაშორისო სტანდარტული ნომერი |
| International Standard Book Number |
9992865180 |
| 041 ## - ენის კოდი |
| Language code of text/sound track or separate title |
geo |
| 080 ## - უნივერსალური ათობითი კლასიფიკაციის ინდექსი |
| Universal Decimal Classification number |
1(38) დ-22 |
| 100 ## - მთავარი ჩანაწერი - პიროვნების სახელი |
| Personal name |
დარჩია, ირინე |
| 9 (RLIN) |
6263 |
| 245 ## - ცნობა სათაურის შესახებ |
| Title |
პლატონის ფედონი (ლიტერატურა, ფილოსოფია, მითოლოგია, მისტიკა) / |
| Statement of responsibility, etc |
ირინე დარჩია; [რედ.: რისმაგ გორდეზიანი]; ივ. ჯავახიშვილის სახელობის თბილისის სახელმწიფო უნივერსიტეტი. კლასიკური ფილოლოგიის, ბიზანტინისტიკისა და ნეოგრეცისტიკის ინსტიტუტი. |
| 264 ## - წარმოების, გამოცემის, დისტრიბუციის და სხვა ცნობები |
| გამოცემის, წარმოების, დისტრიბუციის... ადგილი |
თბილისი : |
| გამოცემის, წარმოების, დისტრიბუციის... სახელწოდება |
ლოგოსი, |
| გამოცემის, წარმოების, დისტრიბუციის... თარიღი |
1998. |
| 300 ## - ფიზიკური აღწერა |
| Extent |
144გვ. ; |
| Other physical details |
20სმ. |
| 490 ## - სერიის ცნობა |
| Series statement |
პუბლ. და ღონისძ. კლასიკ. ფილოლ., ბიზანტ. და ნეოგრეც. სფეროში |
| 504 ## - BIBLIOGRAPHY, ETC. NOTE |
| Bibliography, etc |
ბიბლიოგრ.: გვ. 140. |
| 653 ## - INDEX TERM--UNCONTROLLED |
| Uncontrolled term |
პლატონი |
| 653 ## - INDEX TERM--UNCONTROLLED |
| Uncontrolled term |
ძველი ბერძნული ფილოსოფია |
| 653 ## - INDEX TERM--UNCONTROLLED |
| Uncontrolled term |
მისტიციზმი. მითოლოგია |
| 700 ## - ADDED ENTRY--PERSONAL NAME |
| Personal name |
გორდეზიანი, რისმაგ |
| Relator term |
რედაქტორი |
| 9 (RLIN) |
18724 |
| 710 ## - ADDED ENTRY--CORPORATE NAME |
| Corporate name or jurisdiction name as entry element |
ივ. ჯავახიშვილის სახელობის თბილისის სახელმწიფო უნივერსიტეტი. |
| Subordinate unit |
კლასიკური ფილოლოგიის, ბიზანტინისტიკისა და ნეოგრეცისტიკის ინსტიტუტი. |
| 9 (RLIN) |
18725 |
| 942 ## - ADDED ENTRY ELEMENTS (KOHA) |
| Source of classification or shelving scheme |
|
| Koha item type |
წიგნი |